01114nam a2200193Ia 4500001001100000003001000011008004100021040002500062041001300087100001600100245002600116250001100142260006000153300002700213500026600240501011400506520026600620650003400886L240-12731IT-CnALBA170116s9999||||xx |||||||||||||| ||und|| aIT-CnALBAcIT-CnALBA aITALIANO aALZIN JOSSE 0aL'ORA DEL SACERDOTE.  a2a ed. a MILANO BOLOGNAbANCORA EDITRICE c1958 [1° Ed.: n.d.] a394 p. (prefazione: 7) aTRADUZIONE DAL FRANCESE DI C. ANNONI. DONO DI D. MAGNANI E D. VINCENZO, SSP. CELLA O CANONICA. UOMO DIVISO. CULTURA E SANTITÀ. UOMO DEL POPOLO. RICCHEZZA DI DESIDERI. PATERDEL PRETE. EVANGELIZZAZIONE. SACERDOTE MODERNO. SINCERITÀ. VIRTÙ. CROCI DEL SACERDO aSocietà San Paolo EM - Piazza San Paolo, 14 - 12051 ALBA (CN) (non commercial uses only) ® Copyright 2017 aTRADUZIONE DAL FRANCESE DI C. ANNONI. DONO DI D. MAGNANI E D. VINCENZO, SSP. CELLA O CANONICA. UOMO DIVISO. CULTURA E SANTITÀ. UOMO DEL POPOLO. RICCHEZZA DI DESIDERI. PATERDEL PRETE. EVANGELIZZAZIONE. SACERDOTE MODERNO. SINCERITÀ. VIRTÙ. CROCI DEL SACERDO aTEOLOGIA SPIRITUALE CRISTIANA